Normal view
MARC view
- LEZNOV, S
Entry Personal Name
001 - CONTROL NUMBER
- control field: 41169
003 - CONTROL NUMBER IDENTIFIER
- control field: NUST
005 - DATE AND TIME OF LATEST TRANSACTION
- control field: 20210314132002.0
008 - FIXED-LENGTH DATA ELEMENTS
- fixed length control field: 210314|| aca||aabn | a|a d
040 ## - CATALOGING SOURCE
- Original cataloging agency: NUST
- Transcribing agency: NUST
100 ## - HEADING--PERSONAL NAME
- Personal name: LEZNOV, S
670 ## - SOURCE DATA FOUND
- Source citation: Work cat.: (NUST): LEZNOV, S., Power station electrician/, 1970.
